[Event "SVK-chT2A 0910"]
[Site "Slovakia"]
[Date "2009.10.11"]
[Round "2.2"]
[White "Klemanic, Emil"]
[Black "Benovic, Marek"]
[Result "1-0"]
[WhiteElo "2258"]
[BlackElo "1995"]
[PlyCount "41"]
[EventDate "2009.10.10"]
[EventType "team-tourn"]
[EventRounds "11"]
[EventCountry "SVK"]
[SourceTitle "EXT 2011"]
[Source "ChessBase"]
[SourceDate "2010.11.26"]
[SourceVersion "1"]
[SourceVersionDate "2010.11.26"]
[SourceQuality "1"]
[WhiteTeam "Pezinok KS"]
[BlackTeam "Piestany Kupele"]
[WhiteTeamCountry "SVK"]
[BlackTeamCountry "SVK"]

1. e4 c6 2. d4 d5 3. f3 dxe4 4. fxe4 e5 5. Nf3 exd4 6. Bc4 Be6 7. Bxe6 fxe6 8. 0-0 Be7 9. Nxd4 Qd7 10. Qh5+ g6 11. Qe5 Bf6 12. Rxf6 Nxf6 13. Qxf6 Rf8 14. Qxe6+ Qxe6 15. Nxe6 Rf7 16. Nc3 Re7 17. Nd4 Na6 18. Bg5 Rd7 19. Nf3 Nc5 20. e5 Kf7 21. e6+ 1-0